|
|
|
|
| LEADER |
00000nam0a2200000 4500 |
| 001 |
38478 |
| 005 |
20231031010026.0 |
| 035 |
|
|
|a (RuTPU)RU\TPU\book\39235
|
| 090 |
|
|
|a 38478
|
| 100 |
|
|
|a 20020306d2002 m y0rusy50 ca
|
| 101 |
0 |
|
|a rus
|
| 102 |
|
|
|a RU
|
| 105 |
|
|
|a a j 001zy
|
| 200 |
1 |
|
|a Лабораторный практикум по теории автоматического управления
|f А. П. Зайцев
|g Томский политехнический университет
|
| 210 |
|
|
|a Томск
|c Изд-во ТПУ
|d 2002
|
| 215 |
|
|
|a 128 с.
|c ил.
|
| 320 |
|
|
|a Библиогр.: с. 98-99
|
| 610 |
1 |
|
|a автоматика
|
| 610 |
1 |
|
|a автоматическое управление
|
| 610 |
1 |
|
|a теория
|
| 610 |
1 |
|
|a ТАУ
|
| 610 |
1 |
|
|a лабораторный практикум
|
| 610 |
1 |
|
|a практические пособия
|
| 610 |
1 |
|
|a учебные пособия
|
| 610 |
1 |
|
|a дистанционное образование
|
| 675 |
|
|
|a 681.51.01(076.5)
|v 3
|
| 700 |
|
1 |
|a Зайцев
|b А. П.
|c специалист в области автоматического управления
|c доцент Томского политехнического университета
|f 1937-
|g Александр Петрович
|2 stltpush
|3 (RuTPU)RU\TPU\pers\29358
|
| 712 |
0 |
2 |
|a Томский политехнический университет
|
| 801 |
|
1 |
|a RU
|b 63413507
|c 20020306
|g PSBO
|
| 801 |
|
2 |
|a RU
|b 63413507
|c 20220301
|g PSBO
|
| 942 |
|
|
|c BK
|